| 000 | 00478nam a22000977a 4500 | ||
|---|---|---|---|
| 008 | 171016b xxu||||| |||| 00| 0 eng d | ||
| 100 | _aKramer, George | ||
| 245 | _aUnited States telegraph stamps and franks | ||
| 260 |
_aNew York _bCollectors Club _c1992 |
||
| 650 | _aUnited States | Telegraph Issues | Cinderella Material | Telegraph Franks | Production | Essays and Proofs | Control Numbers | Errors and Varieties | Telegrams | Covers | Revenue Cancellations Catalogs and Price Lists | ||
| 999 |
_c2520 _d2520 |
||